105_ Personnalités nées un 15 avril par images - Statistiques

Statistiques générales
  • Ce quiz a été pris 56 fois
  • Le résultat moyen est 7 sur 15
Statistiques - réponses
Par images Hint Réponse % Correct
Actrice Emma Watson
96%
Peintre Léonard de Vinci
85%
Politicien Bruno Le Maire
74%
Actrice Josiane Balasko
70%
Dirigeant Politique Kim Il-sung
63%
Chanteur Luis Fonsi
54%
Rappeur PLK
50%
Journaliste Natacha Polony
41%
Cycliste Raymond Poulidor
39%
Dirigeant Politique Adolphe Thiers
24%
Actrice Emma Thompson
20%
Dirigeant Politique Nikita Khroutchev
20%
Acteur Luke Evans
9%
Dirigeant Politique Philippe de Belgique
9%
Chanteuse Samantha Fox
4%
Aucun quiz correspondant
Distribution des résultats
% des personnes avec chaque résultat
Percentile par nombre de réponses
Votre historique - résultats
Vous n’avez pas pris ce quiz